Probability and statistics (Record no. 6320)
[ view plain ]
| 000 -LEADER | |
|---|---|
| fixed length control field | 00740nam a22002657a 4500 |
| 003 - CONTROL NUMBER IDENTIFIER | |
| control field | OSt |
| 005 - DATE AND TIME OF LATEST TRANSACTION | |
| control field | 20220107122846.0 |
| 008 - FIXED-LENGTH DATA ELEMENTS--GENERAL INFORMATION | |
| fixed length control field | 190115b xxu||||| |||| 00| 0 eng d |
| 020 ## - INTERNATIONAL STANDARD BOOK NUMBER | |
| International Standard Book Number | 9780071795579 |
| 040 ## - CATALOGING SOURCE | |
| Transcribing agency | IIITMK |
| 082 ## - DEWEY DECIMAL CLASSIFICATION NUMBER | |
| Classification number | 519 SPI/P; 2 |
| 100 ## - MAIN ENTRY--PERSONAL NAME | |
| Personal name | Spiegel, Murray R |
| 9 (RLIN) | 15177 |
| 245 ## - TITLE STATEMENT | |
| Title | Probability and statistics |
| Statement of responsibility, etc. | Murray R Spiegel |
| 250 ## - EDITION STATEMENT | |
| Edition statement | 4 |
| 260 ## - PUBLICATION, DISTRIBUTION, ETC. | |
| Place of publication, distribution, etc. | New York, |
| Name of publisher, distributor, etc. | McGraw Hill Education, |
| Date of publication, distribution, etc. | 2013. |
| 300 ## - PHYSICAL DESCRIPTION | |
| Extent | vii, 424p. |
| 440 ## - SERIES STATEMENT/ADDED ENTRY--TITLE | |
| Title | SCHAUM'S OUTLINE SERIES |
| 9 (RLIN) | 16766 |
| 650 ## - SUBJECT ADDED ENTRY--TOPICAL TERM | |
| Topical term or geographic name entry element | MATHEMATICS |
| 9 (RLIN) | 16762 |
| 650 ## - SUBJECT ADDED ENTRY--TOPICAL TERM | |
| Topical term or geographic name entry element | PROBABILITY |
| 9 (RLIN) | 16763 |
| 650 ## - SUBJECT ADDED ENTRY--TOPICAL TERM | |
| Topical term or geographic name entry element | STATISTICS |
| 9 (RLIN) | 16764 |
| 650 ## - SUBJECT ADDED ENTRY--TOPICAL TERM | |
| Topical term or geographic name entry element | SCHAUM'S OUTLINE SERIES |
| 9 (RLIN) | 16765 |
| 700 ## - ADDED ENTRY--PERSONAL NAME | |
| Personal name | Schiller, John J |
| 9 (RLIN) | 15178 |
| 700 ## - ADDED ENTRY--PERSONAL NAME | |
| Personal name | Srinivasan Alu R |
| 9 (RLIN) | 15179 |
| 942 ## - ADDED ENTRY ELEMENTS (KOHA) | |
| Source of classification or shelving scheme | Dewey Decimal Classification |
| Koha item type | Books |
| Withdrawn status | Lost status | Source of classification or shelving scheme | Damaged status | Not for loan | Collection code | Home library | Current library | Shelving location | Date acquired | Cost, normal purchase price | Total Checkouts | Total Renewals | Full call number | Barcode | Date last seen | Date last checked out | Price effective from | Koha item type |
|---|---|---|---|---|---|---|---|---|---|---|---|---|---|---|---|---|---|---|
| Dewey Decimal Classification | Statistics | Kerala University of Digital Sciences, Innovation and Technology Knowledge Centre | Kerala University of Digital Sciences, Innovation and Technology Knowledge Centre | Mathematics | 15/01/2019 | 1354.00 | 10 | 11 | 519 SPI/P; 2 | 5370 | 17/01/2024 | 04/01/2024 | 15/01/2019 | Books |